<?xml version="1.0" encoding="UTF-8"?>
<record
    xmlns:xsi="http://www.w3.org/2001/XMLSchema-instance"
    xsi:schemaLocation="http://www.loc.gov/MARC21/slim http://www.loc.gov/standards/marcxml/schema/MARC21slim.xsd"
    xmlns="http://www.loc.gov/MARC21/slim">

  <leader>014360000a22003250004500</leader>
  <controlfield tag="003">EG-GICUC</controlfield>
  <controlfield tag="005">20250223030120.0</controlfield>
  <controlfield tag="008">061214s2006    ua     f m    000 0 eng d</controlfield>
  <datafield tag="040" ind1=" " ind2=" ">
    <subfield code="a">EG-GICUC</subfield>
    <subfield code="b">eng</subfield>
    <subfield code="c">EG-GICUC</subfield>
  </datafield>
  <datafield tag="041" ind1="0" ind2=" ">
    <subfield code="a">Eng</subfield>
  </datafield>
  <datafield tag="049" ind1=" " ind2=" ">
    <subfield code="a">Deposite</subfield>
  </datafield>
  <datafield tag="097" ind1=" " ind2=" ">
    <subfield code="a">M.A</subfield>
  </datafield>
  <datafield tag="099" ind1=" " ind2=" ">
    <subfield code="a">Cai01.02.12.M.A.2006.Sa.I.</subfield>
  </datafield>
  <datafield tag="100" ind1="0" ind2=" ">
    <subfield code="a">Sayed Mohammed Hassan</subfield>
  </datafield>
  <datafield tag="245" ind1="1" ind2="4">
    <subfield code="a">The Impact of Negative Feedback through Recasting and Typographical Enhancement on Second Language Acquisition / </subfield>
    <subfield code="c">Sayed Mohammed Hassan ; Supervised Amira Agameya</subfield>
  </datafield>
  <datafield tag="246" ind1="1" ind2="5">
    <subfield code="a">&#x627;&#x62B;&#x631; &#x627;&#x644;&#x62A;&#x63A;&#x630;&#x64A;&#x629; &#x627;&#x644;&#x627;&#x633;&#x62A;&#x631;&#x62C;&#x627;&#x639;&#x64A;&#x629; &#x627;&#x644;&#x633;&#x644;&#x628;&#x64A;&#x629; &#x627;&#x644;&#x646;&#x627;&#x62A;&#x62C;&#x629; &#x639;&#x646; &#x627;&#x639;&#x627;&#x62F;&#x629; &#x635;&#x64A;&#x627;&#x63A;&#x629; &#x62A;&#x631;&#x643;&#x64A;&#x628;&#x629; &#x644;&#x63A;&#x648;&#x64A;&#x629; &#x644;&#x644;&#x62F;&#x627;&#x631;&#x633; &#x648;&#x627;&#x644;&#x627;&#x628;&#x631;&#x627;&#x632; &#x627;&#x644;&#x645;&#x637;&#x628;&#x639;&#x649; &#x639;&#x644;&#x649; &#x627;&#x643;&#x62A;&#x633;&#x627;&#x628; &#x627;&#x644;&#x644;&#x63A;&#x629; &#x627;&#x644;&#x62B;&#x627;&#x646;&#x64A;&#x629;</subfield>
  </datafield>
  <datafield tag="260" ind1=" " ind2=" ">
    <subfield code="a">Cairo : </subfield>
    <subfield code="b">Sayed Mohammed Hassan , </subfield>
    <subfield code="c">2006</subfield>
  </datafield>
  <datafield tag="300" ind1=" " ind2=" ">
    <subfield code="a">225P ; </subfield>
    <subfield code="c">25cm</subfield>
  </datafield>
  <datafield tag="502" ind1=" " ind2=" ">
    <subfield code="a">Thesis (M.A.) - Cairo University - Faculty Of Arts - Department Of English</subfield>
  </datafield>
  <datafield tag="520" ind1=" " ind2=" ">
    <subfield code="a">The issue of whether and how instruction on the second language (SL) grammar should be provided has been the focus of second language acquisition research over the years</subfield>
  </datafield>
  <datafield tag="530" ind1=" " ind2=" ">
    <subfield code="a">Issued also as CD</subfield>
  </datafield>
  <datafield tag="653" ind1=" " ind2="4">
    <subfield code="a">Negative Feedback</subfield>
  </datafield>
  <datafield tag="653" ind1=" " ind2="4">
    <subfield code="a">Recasting</subfield>
  </datafield>
  <datafield tag="653" ind1=" " ind2="4">
    <subfield code="a">Second Language Acquisition</subfield>
  </datafield>
  <datafield tag="700" ind1="0" ind2=" ">
    <subfield code="a">Amira Agameya , </subfield>
    <subfield code="e">Supervisor</subfield>
  </datafield>
  <datafield tag="856" ind1=" " ind2=" ">
    <subfield code="u">http://172.23.153.220/th.pdf</subfield>
  </datafield>
  <datafield tag="905" ind1=" " ind2=" ">
    <subfield code="a">Amira</subfield>
    <subfield code="e">Cataloger</subfield>
  </datafield>
  <datafield tag="905" ind1=" " ind2=" ">
    <subfield code="a">Esam</subfield>
    <subfield code="e">Revisor</subfield>
  </datafield>
  <datafield tag="942" ind1=" " ind2=" ">
    <subfield code="2">ddc</subfield>
    <subfield code="c">TH</subfield>
  </datafield>
  <datafield tag="999" ind1=" " ind2=" ">
    <subfield code="c">27846</subfield>
    <subfield code="d">27846</subfield>
  </datafield>
  <datafield tag="952" ind1=" " ind2=" ">
    <subfield code="2">ddc</subfield>
    <subfield code="7">0</subfield>
    <subfield code="a">CUCL</subfield>
    <subfield code="b">cl210</subfield>
    <subfield code="d">2024-02-11</subfield>
    <subfield code="o">Cai01.02.12.M.A.2006.Sa.I.</subfield>
    <subfield code="p">01010110046361000</subfield>
    <subfield code="r">2023-09-22 00:00:00</subfield>
    <subfield code="y">TH</subfield>
  </datafield>
  <datafield tag="952" ind1=" " ind2=" ">
    <subfield code="2">ddc</subfield>
    <subfield code="7">0</subfield>
    <subfield code="a">CUCL</subfield>
    <subfield code="b">cl2u8</subfield>
    <subfield code="d">2024-02-11</subfield>
    <subfield code="o">Cai01.02.12.M.A.2006.Sa.I.</subfield>
    <subfield code="p">01020110046361000</subfield>
    <subfield code="r">2023-09-22 00:00:00</subfield>
    <subfield code="t">46361.CD     </subfield>
    <subfield code="y">CD</subfield>
  </datafield>
</record>
